| 000 | 00000nam 2200000za 4500 |
| 001 | 9.671673 |
| 003 | CaOODSP |
| 005 | 20210615130338 |
| 007 | ta |
| 008 | 150407s2009||||xxc||||| f|0| 0 eng d |
| 020 | |a978-1-100-50329-5 |
| 040 | |aCaOODSP|beng |
| 041 | |aeng |
| 041 | |afre |
| 043 | |an-cn--- |
| 086 | 1 |aA104-79/2009 |
| 110 | 2 |aCanadian Food Inspection Agency. |bOffice of Animal Biosecurity. |
| 245 | 10|aAnimal Biosecuty - National Avian On-Farm Biosecurity Standard |
| 260 | |aOttawa - Ontario : |bCanadian Food Inspection Agency. |cc2009. |
| 300 | |avi, 16p. ; |c28 cm. + |eA book and a CD-ROM in a pocket. |
| 520 | 3 |aThe National Avian On-Farm Biosecurity Standard forms the basis of a comprehensive voluntary program designed to provide applicable guidance for owners or managers in all the poultry sectors in Canada. It has been developed as a tool for all people and businesses handling and keeping poultry, including large-scale supply-managed producers, backyard flock owners and other domestic bird keepers. |
| 563 | |aKit |
| 590 | |a11-10|b2011-03-11 |
| 690 | 07|aAnimal diseases|2gcpds |
| 690 | 07|aPublic safety|2gcpds |
| 776 | 0#|tNorme nationale de biosécurité pour les fermes avicoles |w(CaOODSP)9.671676 |
| 776 | 0#|tAnimal biosecurity - National Avian On-Farm Biosecurity Standard |w(CaOODSP)9.692748 |
| 776 | 0#|tBiosécurité animal - Norme nationale de biosécurité pour les fermes avicoles |w(CaOODSP)9.636960 |
| 792 | |tBiosécurité animale - Norme nationale de biosécurité pour les fermes avicoles |efre|w(CaOODSP)9.671674 |
| 986 | |aCFIA P0677-09 |